000 00430nam a2200145Ia 4500
005 20250305034727.0
008 240331s9999 xx 000 0 und d
082 _bAND
_25447
_a920
100 _aAndi, R
245 0 _aDravida Iyakkum - Valarchiyum Talarchiyum
260 _aTamil Nadu
_bOviakil Pathippagam
_c2003
300 _axx, 368 p.,
500 _aThe contemporary experience of the history of Dravidian movement.
942 _cL
999 _c4229
_d4229